00750nam a22002057a 450000500170000001000150001702000270003203500140005903700090007308200110008210000260009324500740011926000350019327000630022830000330029150000190032494200220034399900190036595201600038420251016115520.0 aENG-146967 a9789395474740c1895.00 aEN-130499 bDBAD a23521 aUrban, Hugh B.985493 aThe Path of Desire:bLiving Tantra in Northeast India/cHugh B. Urban aNew DelhibSanctum Booksc2024 a68 Medical Association Road, Darya GanjbNew Delhie110002 avii, 272p. c24cm(hb)bIndex aIncludes index cENh2352ddcmURB c213648d213648 001040708NFICaRC3ANbRC3ANd2025-10-16eDelivery of Books Act Divisiong1895.00l0o235 URBpEN-130499r2025-10-16 00:00:00t1v1895.00w2025-10-16yEN